| 000 | 02017cam a2200337 a 4500 | ||
|---|---|---|---|
| 999 |
_c377 _d377 |
||
| 001 | 780928 | ||
| 003 | OSt | ||
| 005 | 20190808100553.0 | ||
| 008 | 180910s2017 enka e 001 0 eng d | ||
| 020 |
_a9780241288436 _q(hbk.) : |
||
| 035 | _aNO000162174 | ||
| 040 |
_aTWTCL _beng _cTWTCL _eaacr |
||
| 041 | 0 | _aeng | |
| 042 | _anbic | ||
| 082 | 0 | _a720.9 GLA | |
| 100 | 1 |
_aGlancey, Jonathan. _eauthor |
|
| 245 | 1 | 0 |
_aArchitecture : _ba visual history / _cJonathan Glancey. |
| 246 | 2 | 0 | _aA visual history. |
| 260 |
_aLondon, UK : _bDK, Penguin Random House ; _aNew York, NY : _bDK Publishing, _c2017. |
||
| 300 |
_a416 p. : _bcol. ill. ; _c25 cm. |
||
| 500 | _a"Content previously published in 2006 as Eyewitness companions: Architecture"--Title page verso. | ||
| 500 | _aIncludes index. | ||
| 500 | _aIssued in a case. | ||
| 505 | 0 | _aFrom village to city -- The Americas -- The classical world -- India and Southeast Asia -- East Asia -- The Islamic world -- Medieval Europe -- The Renaissance -- Baroque and Rococo -- Classical revival -- The industrial world -- The modern world -- Glossary. | |
| 520 | _aArchitecture tells the story of the world's most incredible buildings, from the ancient world to the present day. Take a closer look at the beautiful details, principal elements, and decorative features of every architectural style, from China's Temple of Heaven and the Great Mosque of Damascus, to the Guggenheim museum and the London Olympic Velodrome. Architecture offers a truly worldwide look at historical and contemporary buildings, with breathtaking photography, intriguing cross-sections, and unique CGI artwork. Now fully updated, this stunning new edition covers contemporary architecture and green buildings, with incredible new photography to transport you to the most interesting and iconic buildings on earth. | ||
| 650 | 0 |
_aArchitectural design _xHistory. |
|
| 650 | 0 | _aArchitectural design. | |
| 650 | 0 |
_aArchitecture _xHistory. |
|
| 650 | 0 | _aArchitecture. | |
| 942 |
_2ddc _cNFIC |
||